000 00534nam a2200181 i 4500
001 57847
003 ES-MaACL
005 20251003185046.0
007 t|
008 031020s1971 sp ||||1| spa d
100 1 _aDubos, Rene.
_9177734
245 1 0 _a¡Un amimal tan humano! /
_cRené Dubos ; [traducción de Manuel Vázquez].
260 _a[Barcelona] :
_bPlaza & Janés,
_c[1971]
300 _a303 p. ;
_c22 cm.
700 1 _aVázquez Tomás, Manuel
_9113375
852 _aES-MaACL
_jC-38278
_bR.77637
999 _c57847
_d57847